00695nam a2200193 a 450000100060000000300090000600800410001502000150005604000280007108200130009910000110011224500570012326000290018030000110020950502080022065000270042865000250045565000210048017959CO-ViMGA141112s2004 ck r 000 u spa d a9586240452 aCO-ViMGAbspacCO-ViMGA04a912 D4511 aDane, 10aDinámicas socioeconómicas del espacio Colombiano aBogotá, cDane, c1999 a147.p. aLa construcción de un territorio Población y espacio Las dinámicas geográficas : Mortalidd y natalidad Mercado laboral y competitividad territorial Condiciones y calidad de vida de la población14aCARTOGRAFIA - COLOMBIA14aCOLOMBIA - GEOGRAFIA14aCOLOMBIA - MAPAS